
Library Catalogue

| 000 -LEADER | |
|---|---|
| fixed length control field | 01568nam a2200217Ia 4500 |
| 003 - CONTROL NUMBER IDENTIFIER | |
| control field | OSt |
| 005 - DATE AND TIME OF LATEST TRANSACTION | |
| control field | 20210824124251.0 |
| 008 - FIXED-LENGTH DATA ELEMENTS--GENERAL INFORMATION | |
| fixed length control field | 160316s2000 xxu||||| |||| 00| 0 eng d |
| 020 ## - INTERNATIONAL STANDARD BOOK NUMBER | |
| International Standard Book Number | 9780140298833 |
| 040 ## - CATALOGING SOURCE | |
| Transcribing agency | nls |
| 082 ## - DEWEY DECIMAL CLASSIFICATION NUMBER | |
| Classification number | 338.900000 |
| Item number | THA |
| 100 ## - MAIN ENTRY--PERSONAL NAME | |
| Personal name | Thapar Romila |
| 245 ## - TITLE STATEMENT | |
| Title | India : Another millennium? |
| 260 ## - PUBLICATION, DISTRIBUTION, ETC. | |
| Place of publication, distribution, etc. | New Delhi |
| Name of publisher, distributor, etc. | Viking /Penguing Books India |
| Date of publication, distribution, etc. | 2000 |
| 300 ## - PHYSICAL DESCRIPTION | |
| Extent | 317p |
| Dimensions | vii |
| 365 ## - TRADE PRICE | |
| Price amount | Rs.395 |
| 505 ## - FORMATTED CONTENTS NOTE | |
| Formatted contents note | CONTENTS:<br/>Note on Contributors vii;<br/>Will a Millennium be Coming Our Way? Romila Thapar ix;<br/>Slow and Almost Steady Krishna Kumar 1;<br/>The Present in the Past: Trajectories for the Social History of Science Dhruv Raina;<br/>The Idea of Gender Equality: From Legislative Vision to Everyday Family Practices Bina Agarwal 36;<br/>Thinking Through Culture: A Perspective for the Millennium Rustom Bharucha 66;<br/>India's Unmodern Modernity Dipankar Gupta 85;<br/>The Balance of Democracy Sunil Khilnani 108;<br/>Dalits in Pursuit of Modernity Gopal Guru 123;<br/>A Minority Moves into Another Millennium Javeed Alam 137;<br/>The Age of Inequality P. Sainath 152;<br/>The Future of Marxism Prabhat Patnaik 169;<br/>Whither India? The Prospect of Prosperity Kaushik Basu 193;<br/>Making India a Significant IT Player in This Millennium N.R. Narayana Murthy 212;<br/>The Great Indian Media Bazaar: Emerging Trends and Issues for the Future N. Ram241;<br/>The Future of the Environment: Beyond Utopia and Doomsday Mahesh Rangarajan 293;<br/>Index 307. |
| 650 ## - SUBJECT ADDED ENTRY--TOPICAL TERM | |
| Topical term or geographic name entry element | 1. Socio-Economic Development - India - History - 20th Century |
| 700 ## - ADDED ENTRY--PERSONAL NAME | |
| Personal name | |
| -- | |
| 942 ## - ADDED ENTRY ELEMENTS (KOHA) | |
| Source of classification or shelving scheme | Dewey Decimal Classification |
| Koha item type | BOOKs |
| Withdrawn status | Lost status | Damaged status | Not for loan | Home library | Current library | Shelving location | Date acquired | Cost, normal purchase price | Total Checkouts | Full call number | Barcode | Date last seen | Price effective from | Koha item type |
|---|---|---|---|---|---|---|---|---|---|---|---|---|---|---|
| . | . | NAB Compactor | 30.05.2017 | 395.00 | 338.9 THA | 16863 | 30.05.2017 | 30.05.2017 | BOOKs |